000 00668nmm a2200193Ia 4500
008 251105s9999||||xx |||||||||||||||||und||
020 _a9788416028740
041 _aspa
100 _aAragüés Estragués, Juan Manuel
245 0 _aDe Heidegger al postestructuralismo. Panorama de la ontología y antropología contemporáneas
264 _a[Madrid, España] :
_bPrensas Universitarias de Zaragoza,
_c2014
300 _a153 páginas
490 _aTextos Docentes
650 _aPhilosophy, Ethics
700 _aAragüés Estragués, Juan Manuel
700 1 _a Ezquerra Gómez, Jesús
856 _uhttps://public.digitaliapublishing.com/a/34557
942 _cCF
999 _c62018
_d62018